Ciudad y seguridad en América Latina

I tiakina i:
Ngā taipitopito rārangi puna kōrero
Ngā kaituhi matua: Dammert, Lucía (Author), Paulsen, Gustavo (Author)
Hōputu: Pukapuka
Reo:Pāniora
I whakaputaina: Santiago Flacso Chile 2005
Ngā marau:
Ngā Tūtohu: Tāpirihia he Tūtohu
Kāore He Tūtohu, Me noho koe te mea tuatahi ki te tūtohu i tēnei pūkete!

MARC

LEADER 00000nam a2200000 a 4500
001 UCI4731
003 CL-VaPUC
008 080229e20050000CL |||||||||||||||||spa|d
020 |a 9562052044 
082 0 4 |a 323.98  |b DAM  |2 21 
100 0 |a Dammert, Lucía  |e author  |9 526722 
700 0 |a Paulsen, Gustavo  |e author  |9 526723 
245 1 0 |a Ciudad y seguridad en América Latina 
300 |a 242 p 
942 |c BK 
945 |d 20080229 00:00:00  |a jtorresc 
260 |a Santiago  |b Flacso Chile  |c 2005 
650 0 |a Seguridad ciudadana   |9 392290 
650 0 |a Seguridad pública   |9 403833 
650 0 |a Prevención del delito  |9 322994 
650 0 |a Delincuencia  |9 335739 
651 0 |a América Latina   |9 255027 
583 |a last modification  |c 20080229 00:00:00  |k Rodrigo Vera 
999 |c 328577  |d 328575 
952 |0 0  |1 0  |4 0  |6 323_980000000000000_DAM_2005  |7 0  |8 A  |9 412545  |a BIBCUR  |b BIBCUR  |d 2019-11-22  |i 4408500  |o 323.98 DAM 2005  |p 4408500  |r 2025-04-22  |w 2019-11-22  |y BK  |k PER